[Event " "]
[Site "GUINGAMP"]
[Date "21.??.??"]
[Round "1.4"]
[White "Rihouay, Clement"]
[Black "Ragot, Nicolas"]
[Result "1-0"]
[WhiteElo "2185"]
[BlackElo "2209"]
[PlyCount "68"]
[EventDate "21.??.??"]
[WhiteTeam "C.E. Nantes"]

1. e4 c5 2. Nf3 Nc6 3. d4 cxd4 4. Nxd4 Nf6 5. Nc3 e5 6. Ndb5 d6 7. Bg5 a6 8.
Bxf6 gxf6 9. Na3 b5 10. Nd5 Bg7 11. c4 O-O 12. Bd3 f5 13. O-O fxe4 14. Bxe4 Be6
15. Ne3 Rc8 16. Qh5 h6 17. Nf5 Nd4 18. Nxd4 exd4 19. cxb5 axb5 20. Nxb5 Rc5 21.
Qe2 Bc4 22. Bd3 Re8 23. Bxc4 Rxe2 24. Bxe2 Rc2 25. Bd3 Rxb2 26. a4 Qa5 27. Nxd6
Qd5 28. a5 Qxd6 29. a6 Qd5 30. a7 Ra2 31. Be4 Qxe4 32. Rxa2 Qa8 33. g3 Bf8 34.
Rb1 Bd6 1-0

[Event " "]
[Site "GUINGAMP"]
[Date "21.??.??"]
[Round "1.5"]
[White "Herdier, Goulwenn"]
[Black "Grill, Marc"]
[Result "0-1"]
[WhiteElo "2176"]
[BlackElo "2151"]
[PlyCount "82"]
[EventDate "21.??.??"]
[WhiteTeam "Guingamp"]
[BlackTeam "C.E. Nantes"]

1. e4 c5 2. Nf3 g6 3. c3 Bg7 4. d4 cxd4 5. cxd4 d5 6. e5 Nc6 7. Nc3 Bg4 8. Be2
Bxf3 9. Bxf3 e6 10. O-O Nge7 11. Bg5 h6 12. Bxe7 Nxe7 13. Qa4+ Nc6 14. Be2 O-O
15. Rac1 Qb6 16. Rfd1 f6 17. Bg4 Rae8 18. exf6 Bxf6 19. Ne2 e5 20. Bd7 Re7 21.
Bxc6 bxc6 22. Rxc6 Qxb2 23. Rc2 Qb7 24. dxe5 Rxe5 25. Qg4 Qf7 26. Ng3 h5 27.
Qf4 h4 28. Nf1 Rf5 29. Qc7 d4 30. Qxf7+ Rxf7 31. Nd2 d3 32. Rc4 Rd7 33. Ne4 Bd8
34. Rc3 Bb6 35. Kf1 Re7 36. f3 Rxe4 37. Rcxd3 Rb4 38. Rd6 Kg7 39. h3 Rb2 40.
R1d2 Rb1+ 41. Rd1 Rfb5 0-1

[Event " "]
[Site "GUINGAMP"]
[Date "21.??.??"]
[Round "1.6"]
[White "Miraoui, Karim"]
[Black "Capitaine, Adrien"]
[Result "0-1"]
[WhiteElo "2110"]
[BlackElo "2169"]
[PlyCount "142"]
[EventDate "21.??.??"]
[WhiteTeam "C.E. Nantes"]

1. d4 f5 2. c4 Nf6 3. Nc3 e6 4. g3 Be7 5. Bg2 O-O 6. Nh3 Qe8 7. O-O d6 8. Qb3
Nbd7 9. Nf4 Bd8 10. c5 d5 11. Nd3 Nh5 12. Bf4 Nxf4 13. Nxf4 c6 14. Nd3 e5 15.
dxe5 Nxe5 16. Bxd5+ cxd5 17. Nxd5 Kh8 18. Rfe1 Rb8 19. Qc3 Ng4 20. N3f4 Nf6 21.
Rad1 Nxd5 22. Nxd5 Bd7 23. b4 Bc6 24. Qc4 Qf7 25. b5 Bxd5 26. Rxd5 Bc7 27. Red1
Rbe8 28. e3 $11 Qf6 29. Rd7 Re7 30. c6 bxc6 31. bxc6 Rc8 32. Qa6 Ree8 33. Qb7
Bb6 34. R1d6 Qf8 35. c7 Qg8 36. a4 Qa2 37. Qxc8 Qb1+ 38. Kg2 Qe4+ 39. f3 Rxc8
40. Rd8+ Qe8 41. Rxe8+ Rxe8 42. Rd5 g6 43. a5 Bxc7 44. Rd7 Rc8 45. e4 fxe4 46.
fxe4 a6 47. Rd5 Bb8 48. Kf3 h6 49. e5 Kg8 50. e6 Re8 51. Rd7 Be5 52. Ke4 Rxe6
53. Kd5 Re8 54. Ra7 Bc3 55. Rxa6 Re5+ 56. Kc4 Bxa5 57. Rxg6+ Kh7 58. Rg4 h5 59.
Rf4 Kg6 60. Kd3 Re1 61. Rf2 Kg5 62. Re2 Rd1+ 63. Ke3 Rf1 64. Rb2 Rf8 65. h3 Bc7
66. Rg2 Rf1 67. g4 h4 68. Rc2 Bb6+ 69. Ke4 Rh1 70. Rb2 Bc7 71. Rb5+ Kg6 0-1

[Event " "]
[Site "GUINGAMP"]
[Date "21.??.??"]
[Round "1.7"]
[White "Le Masle, Raphael"]
[Black "Martinez, Jean-Philippe"]
[Result "0-1"]
[WhiteElo "2079"]
[BlackElo "2077"]
[PlyCount "94"]
[EventDate "21.??.??"]
[WhiteTeam "Guingamp"]
[BlackTeam "C.E. Nantes"]

1. e4 c5 2. Nf3 Nc6 3. Bb5 g6 4. O-O Bg7 5. Re1 Nf6 6. c3 O-O 7. d4 d5 8. exd5
Qxd5 9. Bxc6 Qxc6 10. Rxe7 Bg4 11. Nbd2 cxd4 12. cxd4 Nd5 13. Re4 Bf5 14. Re1
Nb4 15. Ne5 Qd5 16. Ndc4 Rad8 17. Ne3 Qxd4 18. Qxd4 Rxd4 19. Nf3 Rd7 20. Nxf5
gxf5 21. Be3 Nc2 22. Rad1 Rfd8 23. Rxd7 Rxd7 24. Rb1 Nxe3 25. fxe3 Rd3 26. Kf2
Bf6 27. h3 Rd5 28. Rc1 Kg7 29. Ke2 Rd7 30. Rc5 Kg6 31. g3 Re7 32. Rd5 Bg5 33.
Nxg5 Kxg5 34. Rd6 h5 35. h4+ Kg4 36. Kf2 Rc7 37. Rd4+ Kh3 38. Rd2 Rc1 39. Re2
Rh1 40. Kf3 Rg1 41. Kf4 Rxg3 42. Kxf5 Kxh4 43. Kf6 Rf3+ 44. Ke7 Kg3 45. e4 h4
46. Kd7 h3 47. Kc7 h2 0-1

[Event " "]
[Site "GUINGAMP"]
[Date "21.??.??"]
[Round "1.8"]
[White "Marchadour, Claire"]
[Black "Le Diouron, Aurelie"]
[Result "0-1"]
[WhiteElo "2064"]
[BlackElo "2022"]
[PlyCount "42"]
[EventDate "21.??.??"]
[WhiteTeam "C.E. Nantes"]

1. e4 e5 2. Nf3 Nc6 3. d4 exd4 4. Nxd4 Bc5 5. Nxc6 bxc6 6. Bc4 Qh4 7. O-O Nf6
8. g3 Qh3 9. Qf3 O-O 10. Nc3 d5 11. exd5 Bg4 12. Qg2 Qh5 13. Re1 Bf3 14. g4
Nxg4 15. Qxf3 Bxf2+ 16. Qxf2 Nxf2 17. Kxf2 Qxh2+ 18. Kf3 Qh3+ 19. Ke2 Rfe8+ 20.
Kd1 Rxe1+ 21. Kxe1 Qh4+ 0-1

[Event " "]
[Site "DEAUVILLE"]
[Date "21.??.??"]
[Round "1.1"]
[White "Tirard, Hugo"]
[Black "David, Alberto"]
[Result "1-0"]
[WhiteElo "2491"]
[BlackElo "2536"]
[PlyCount "138"]
[EventDate "21.??.??"]
[WhiteTeam "Deauville"]
[BlackTeam "Clichy II"]

1. e4 e5 2. Nf3 Nc6 3. Bb5 Nf6 4. Nc3 Nd4 5. Ba4 c6 6. O-O b5 7. Bb3 Nxf3+ 8.
Qxf3 Bc5 9. d3 d6 10. a4 b4 11. Nd1 Be6 12. Bxe6 fxe6 13. Be3 Bxe3 14. Nxe3 Qe7
15. Qh3 g5 16. c3 bxc3 17. bxc3 h5 18. Nc4 O-O 19. d4 Nxe4 20. dxe5 d5 21. Nd6
h4 22. Qe3 Rf4 23. g3 Qg7 24. f3 Nxd6 25. exd6 hxg3 26. Qxe6+ Qf7 27. Qxf7+
Rxf7 28. hxg3 Rd8 29. Rae1 Kg7 30. Re6 Rf6 31. Re7+ Rf7 32. Rb1 Rxd6 33. Rxf7+
Kxf7 34. Rb7+ Kg6 35. Rxa7 d4 36. cxd4 Rxd4 37. Kf2 Rb4 38. Ra5 Rb2+ 39. Ke3
Rb3+ 40. Ke4 Rb4+ 41. Ke3 Kf6 42. g4 Rb3+ 43. Kf2 Rb2+ 44. Ke1 Ra2 45. Rf5+ Kg6
46. a5 Rc2 47. Kd1 Rc4 48. Kd2 c5 49. Re5 Rf4 50. Ke3 Rc4 51. Kd3 Rc1 52. Kd2
Rf1 53. Rxc5 Rxf3 54. a6 Ra3 55. Rc6+ Kf7 56. Kc2 Ke8 57. Kb2 Ra5 58. Rh6 Kd7
59. a7 Kc7 60. Rh8 Kb7 61. a8=Q+ Rxa8 62. Rxa8 Kxa8 63. Kc3 Kb7 64. Kd4 Kc7 65.
Ke5 Kd7 66. Kf6 Ke8 67. Kxg5 Kf7 68. Kh6 Kg8 69. g5 Kh8 1-0

[Event " "]
[Site "DEAUVILLE"]
[Date "21.??.??"]
[Round "1.3"]
[White "Houska, Jovanka"]
[Black "Silva, Sebastian"]
[Result "1/2-1/2"]
[WhiteElo "2404"]
[BlackElo "2369"]
[PlyCount "36"]
[EventDate "21.??.??"]
[WhiteTeam "Deauville"]
[BlackTeam "Clichy II"]

1. e4 c5 2. Nf3 Nc6 3. Bb5 e5 4. O-O Nge7 5. c3 g6 6. d4 cxd4 7. cxd4 exd4 8.
Nxd4 Bg7 9. Be3 O-O 10. Nc3 d5 11. exd5 Nxd5 12. Nxc6 bxc6 13. Bxc6 Nxe3 14.
fxe3 Rb8 15. Qxd8 Rxd8 16. Bd5 Be6 17. Bxe6 fxe6 18. Kf2 Rxb2+ 1/2-1/2

[Event " "]
[Site "DEAUVILLE"]
[Date "21.??.??"]
[Round "1.4"]
[White "Mullon, Jean-Baptiste"]
[Black "Colin, Vincent"]
[Result "0-1"]
[WhiteElo "2339"]
[BlackElo "2399"]
[PlyCount "48"]
[EventDate "21.??.??"]
[WhiteTeam "Clichy II"]

1. Nf3 Nf6 2. d4 e6 3. g3 b5 4. Bg2 Bb7 5. O-O c5 6. c3 Be7 7. a4 b4 8. a5 cxd4
9. cxb4 Bxb4 10. Qxd4 Bxa5 11. Nc3 Bb6 12. Qh4 d5 13. Bg5 Nbd7 14. Rad1 O-O 15.
e4 h6 16. Bxh6 gxh6 17. Qxh6 Ng4 18. Qh5 Nxf2 19. Rxf2 Bxf2+ 20. Kxf2 Qb6+ 21.
Nd4 e5 22. Na4 Qg6 23. Qf5 exd4 24. Qxd7 Bc6 0-1

[Event " "]
[Site "DEAUVILLE"]
[Date "21.??.??"]
[Round "1.5"]
[White "Godard, Maxence"]
[Black "Beudaert, Xavier"]
[Result "1-0"]
[WhiteElo "2329"]
[BlackElo "2362"]
[PlyCount "67"]
[EventDate "21.??.??"]
[WhiteTeam "Deauville"]
[BlackTeam "Clichy II"]

1. c4 c5 2. Nf3 Nc6 3. Nc3 g6 4. g3 Bg7 5. Bg2 Nh6 6. h4 d6 7. d3 Bg4 8. Nd5
Qd7 9. Bd2 O-O 10. Qc1 Nf5 11. Nh2 Nfd4 12. Nxg4 Qxg4 13. Qd1 e6 14. Nf4 Qf5
15. e3 e5 16. Bh3 Qf6 17. Nd5 Qf3 18. Rf1 Qxd1+ 19. Kxd1 Nf3 20. Bc3 f5 21. Rh1
Rae8 22. Ke2 Nfd4+ 23. Kd2 Bh6 24. f4 exf4 25. gxf4 Nf3+ 26. Ke2 Nfd4+ 27. Kf2
Nc2 28. Rad1 N6b4 29. Nxb4 Nxb4 30. Bg2 Re7 31. a3 Rfe8 32. axb4 Rxe3 33. Bf3
Bxf4 34. Bd2 1-0

[Event " "]
[Site "DEAUVILLE"]
[Date "21.??.??"]
[Round "1.6"]
[White "Delorme, Axel"]
[Black "Amoyal, Pierre"]
[Result "1-0"]
[WhiteElo "2328"]
[BlackElo "2195"]
[PlyCount "83"]
[EventDate "21.??.??"]
[WhiteTeam "Clichy II"]

1. e4 c5 2. Nf3 d6 3. c3 Nf6 4. h3 e6 5. Bd3 Qc7 6. Bc2 c4 7. b3 a6 8. Qe2 cxb3
9. axb3 Be7 10. d4 d5 11. e5 Nfd7 12. h4 Nc6 13. Rh3 Nf8 14. Rg3 g6 15. Bh6 Bd7
16. Ng5 Rc8 17. Qd2 Nd8 18. Rf3 Bb5 19. Qf4 Bxg5 20. Bxg5 f5 21. exf6 Qxf4 22.
Bxf4 Kf7 23. Na3 Be8 24. Kd2 Nd7 25. Rh1 h6 26. Rhh3 Nf8 27. Rhg3 Rc6 28. c4
Bd7 29. c5 Be8 30. b4 Rc8 31. Bd6 Rg8 32. Bd3 Nc6 33. Nc2 Nd7 34. b5 axb5 35.
Bxb5 Ra8 36. Bxc6 bxc6 37. Nb4 Nf8 38. Ra3 Rxa3 39. Rxa3 Kxf6 40. Ra6 Kf5 41.
f3 g5 42. g4+ 1-0

[Event " "]
[Site "DEAUVILLE"]
[Date "21.??.??"]
[Round "1.7"]
[White "Fruteau, Sabine"]
[Black "Lagarde, Maxime"]
[Result "0-1"]
[WhiteElo "2169"]
[BlackElo "2256"]
[PlyCount "71"]
[EventDate "21.??.??"]
[WhiteTeam "Deauville"]
[BlackTeam "Clichy II"]

1. e4 c5 2. Nf3 d6 3. c3 Nf6 4. Be2 Nbd7 5. d3 b6 6. O-O Bb7 7. Re1 g6 8. Nbd2
Bg7 9. Nf1 O-O 10. Ng3 e5 11. Nd2 Qc7 12. c4 b5 13. cxb5 a6 14. bxa6 Bxa6 15.
Nc4 Rfd8 16. Bd2 Bb7 17. Bf3 Nf8 18. Nf1 d5 19. exd5 Nxd5 20. Bc3 Nxc3 21. bxc3
e4 22. Bxe4 Bxc3 23. Bxb7 Qxb7 24. Rb1 Qa6 25. Re2 Ne6 26. Rc2 Bg7 27. Rb6 Qa4
28. Rxe6 fxe6 29. Nb6 Qd4 30. Nxa8 Rxa8 31. Qe2 Qd5 32. Ne3 Qc6 33. Qf3 Qa6 34.
Nc4 Rf8 35. Qe4 Bd4 36. g3 $138 0-1

[Event " "]
[Site "DEAUVILLE"]
[Date "21.??.??"]
[Round "1.8"]
[White "Marchadour, Emilie"]
[Black "Helie, Marc"]
[Result "0-1"]
[WhiteElo "2123"]
[BlackElo "2142"]
[PlyCount "82"]
[EventDate "21.??.??"]
[WhiteTeam "Clichy II"]

1. e4 c5 2. Nf3 e6 3. d4 cxd4 4. Nxd4 Nc6 5. Nb5 d6 6. Bf4 e5 7. Be3 Nf6 8.
N1c3 a6 9. Na3 b5 10. Nd5 Nxd5 11. exd5 Ne7 12. c4 bxc4 13. Nxc4 Nf5 14. Bb6
Qh4 15. Bd3 Be7 16. Ba5 Rb8 17. O-O O-O 18. Re1 Qh6 19. Rc1 Bg5 20. Rb1 Bf4 21.
g3 Bg5 22. Nb6 Nd4 23. Nxc8 Rbxc8 24. Bc3 Nb5 25. Bxb5 axb5 26. a4 bxa4 27.
Qxa4 f5 28. Qd7 f4 29. Rf1 Kh8 30. Bb4 Rcd8 31. Qg4 e4 32. h4 Be7 33. Bd2 e3
34. fxe3 fxg3 35. Qxg3 Bxh4 36. Qg2 Bg5 37. Qg3 Rfe8 38. Rf3 Re5 39. Rbf1 Bf6
40. Bc3 Rg5 41. Bxf6 gxf6 0-1

[Event " "]
[Site "MIGNE-AUXANCES"]
[Date "21.??.??"]
[Round "1.1"]
[White "Inkiov, Ventzislav"]
[Black "Maleki, Manuel"]
[Result "1-0"]
[WhiteElo "2453"]
[BlackElo "2189"]
[PlyCount "45"]
[EventDate "21.??.??"]
[WhiteTeam "Migné-Auxances"]
[BlackTeam "Tours"]

1. e4 e5 2. Bc4 Nf6 3. d3 Nc6 4. Nf3 Bc5 5. Nc3 d6 6. Bg5 h6 7. Bxf6 Qxf6 8.
Nd5 Qd8 9. c3 a6 10. d4 exd4 11. cxd4 Ba7 12. h3 O-O 13. O-O Ne7 14. Nf4 c6 15.
Re1 Qc7 16. Rc1 Bd7 17. e5 Rad8 18. Bb3 dxe5 19. Nxe5 Bc8 20. Qh5 Nf5 21. Nfg6
Bxd4 22. Nxf8 Bxe5 23. Rxe5 1-0

[Event " "]
[Site "MIGNE-AUXANCES"]
[Date "21.??.??"]
[Round "1.2"]
[White "Dieu, Bruno"]
[Black "Picard, Romain"]
[Result "1/2-1/2"]
[WhiteElo "2247"]
[BlackElo "2346"]
[PlyCount "38"]
[EventDate "21.??.??"]
[WhiteTeam "Tours"]

1. d4 Nf6 2. c4 g6 3. Nc3 d5 4. cxd5 Nxd5 5. Bd2 Nb6 6. Bg5 Bg7 7. e3 O-O 8.
Nf3 h6 9. Bh4 c5 10. dxc5 N6d7 11. Be2 Nc6 12. O-O Nxc5 13. Rc1 Be6 14. Nb5 Qb6
15. Qc2 Na6 16. a3 Rac8 17. Qb1 Nc5 18. Nbd4 Nxd4 19. Nxd4 Nb3 1/2-1/2

[Event " "]
[Site "MIGNE-AUXANCES"]
[Date "21.??.??"]
[Round "1.3"]
[White "Bedouin, Xavier"]
[Black "Varlet, Nicolas"]
[Result "1-0"]
[WhiteElo "2342"]
[BlackElo "2144"]
[PlyCount "53"]
[EventDate "21.??.??"]
[WhiteTeam "Migné-Auxances"]
[BlackTeam "Tours"]

1. e4 e6 2. d4 d5 3. Nd2 Nf6 4. e5 Nfd7 5. c3 c5 6. Bd3 Nc6 7. Ne2 Qb6 8. Nf3
cxd4 9. cxd4 f6 10. exf6 Nxf6 11. O-O Bd6 12. Bf4 Bxf4 13. Nxf4 O-O 14. Qd2 Ne4
15. Qe3 Nf6 16. Rad1 Ne7 17. Rfe1 Nf5 18. Bxf5 exf5 19. Qa3 Bd7 20. Re7 Bc6 21.
Ne6 Rf7 22. Rxf7 Kxf7 23. Nfg5+ Kg6 24. Qe7 Rg8 25. h4 Be8 26. Nf4+ Kh6 27.
Qxe8 1-0

[Event " "]
[Site "MIGNE-AUXANCES"]
[Date "21.??.??"]
[Round "1.4"]
[White "Menager, Erwan"]
[Black "Saada, Julien"]
[Result "0-1"]
[WhiteElo "2144"]
[BlackElo "2257"]
[PlyCount "70"]
[EventDate "21.??.??"]
[WhiteTeam "Tours"]

1. e4 c6 2. d4 d5 3. Nd2 dxe4 4. Nxe4 Bf5 5. Ng3 Bg6 6. Nf3 Nd7 7. h4 h6 8. h5
Bh7 9. Bd3 Bxd3 10. Qxd3 Qc7 11. Bd2 Ngf6 12. O-O-O e6 13. c4 O-O-O 14. Kb1 Bd6
15. Ne4 Nxe4 16. Qxe4 Nf6 17. Qe2 c5 18. Bc3 cxd4 19. Nxd4 a6 20. Nb3 Qc6 21.
f3 Bf4 22. Qf2 Kb8 23. g3 Bc7 24. c5 Rxd1+ 25. Rxd1 Nxh5 26. g4 Nf6 27. Ba5 Nd5
28. Rc1 Bf4 29. Rc2 Rc8 30. Qd4 f6 31. Qd3 Ne3 32. Nd4 Qd5 33. Re2 e5 34. Rxe3
Bxe3 35. Qxe3 Qxc5 0-1

[Event " "]
[Site "MIGNE-AUXANCES"]
[Date "21.??.??"]
[Round "1.5"]
[White "Fougerit, Valentin"]
[Black "Gaborit, Jean-Pierre"]
[Result "1/2-1/2"]
[WhiteElo "2204"]
[BlackElo "2244"]
[PlyCount "49"]
[EventDate "21.??.??"]
[WhiteTeam "Migné-Auxances"]
[BlackTeam "Tours"]

1. e4 e6 2. d4 d5 3. Nd2 Nc6 4. Ngf3 Nf6 5. e5 Nd7 6. Be2 Be7 7. Nf1 O-O 8. c3
f6 9. exf6 Nxf6 10. Bg5 Bd7 11. Ne3 Be8 12. O-O Bh5 13. Nd2 Bxe2 14. Qxe2 e5
15. dxe5 Nxe5 16. Rae1 Nf7 17. Nf5 Nxg5 18. Qxe7 Rf7 19. Qe5 Nfe4 20. Nxe4 Nxe4
21. f3 Nf6 $11 22. Qg3 Kh8 23. Re5 Qf8 24. Rfe1 Re8 25. Nd4 1/2-1/2

[Event " "]
[Site "MIGNE-AUXANCES"]
[Date "21.??.??"]
[Round "1.6"]
[White "Loiret, Stanislas"]
[Black "Borzakian, Manouk"]
[Result "1-0"]
[WhiteElo "2235"]
[BlackElo "2223"]
[PlyCount "73"]
[EventDate "21.??.??"]
[WhiteTeam "Tours"]

1. Nf3 g6 2. c4 Bg7 3. Nc3 d6 4. d4 Nf6 5. e4 O-O 6. Be2 e5 7. O-O Na6 8. Re1
c6 9. Bf1 exd4 10. Nxd4 Ng4 11. Nf3 Qb6 12. Qe2 Nc5 13. h3 Ne5 14. Nxe5 dxe5
15. Be3 Qa5 16. Bxc5 Qxc5 17. Na4 Qa5 18. Qc2 Rd8 19. Red1 Be6 20. a3 Rd4 21.
b4 Qc7 22. Nc5 Qe7 23. Nb3 Rdd8 24. Rxd8+ Rxd8 25. Rd1 Bf8 26. Rxd8 Qxd8 27.
Na5 Qd7 28. c5 Bh6 29. Bc4 Bxc4 30. Nxc4 Qd4 31. Nd6 Bf8 32. Nxb7 Qa1+ 33. Kh2
Qxa3 34. Nd8 Qxb4 35. Qa2 Bxc5 36. Qxf7+ Kh8 37. Ne6 1-0

[Event " "]
[Site "MIGNE-AUXANCES"]
[Date "21.??.??"]
[Round "1.7"]
[White "Picard, Clement"]
[Black "Wenzel, Johannes"]
[Result "1/2-1/2"]
[WhiteElo "2185"]
[BlackElo "2126"]
[PlyCount "70"]
[EventDate "21.??.??"]
[WhiteTeam "Migné-Auxances"]
[BlackTeam "Tours"]

1. e4 c5 2. Nc3 e6 3. g3 d5 4. exd5 exd5 5. Bg2 Nf6 6. Nge2 d4 7. Ne4 Nxe4 8.
Bxe4 Nd7 9. O-O Nf6 10. Bg2 Bd6 11. d3 O-O 12. c3 dxc3 13. bxc3 Rb8 14. d4 Bg4
15. Be3 cxd4 16. cxd4 Qa5 17. Qd3 Bf5 18. Qb3 Be4 19. Bf4 Bxf4 20. Nxf4 Bxg2
21. Kxg2 g5 22. Nd3 Rbd8 23. Qxb7 Rxd4 24. Nc1 Qd5+ 25. Qxd5 Rxd5 26. Nb3 a5
27. Rfd1 Rfd8 28. Rxd5 Rxd5 29. Rc1 Nd7 30. Rc4 Nb6 31. Rc5 a4 32. Rxd5 Nxd5
33. Nc5 Nc3 34. a3 Nb5 35. Kf3 Kg7 1/2-1/2

[Event " "]
[Site "MIGNE-AUXANCES"]
[Date "21.??.??"]
[Round "1.8"]
[White "Legrand, Heloise"]
[Black "Boulan, Laura"]
[Result "0-1"]
[WhiteElo "2022"]
[BlackElo "1895"]
[PlyCount "58"]
[EventDate "21.??.??"]
[WhiteTeam "Tours"]

1. e4 e5 2. Nf3 d6 3. d4 exd4 4. Nxd4 Nf6 5. Nc3 Be7 6. Be2 O-O 7. O-O Re8 8.
Qd3 Nbd7 9. Qg3 Bf8 10. Bg5 c6 11. f4 Qb6 12. Qe3 Nd5 13. Qd2 Nxc3 14. bxc3 Nc5
15. Bd3 Nxe4 16. Bxe4 Rxe4 17. Rab1 Qc5 18. Kh1 h6 19. Bh4 Qh5 20. Bg3 d5 21.
Rfe1 Rxe1+ 22. Qxe1 Qg4 23. Qe8 Qg6 24. f5 Qf6 25. Re1 a6 26. Bc7 c5 27. Nf3 b5
28. Re5 Bb7 29. Qd7 Bc6 0-1

[Event "Interclubs Adultes"]
[Site "DEAUVILLE"]
[Date "24.??.??"]
[Round "2.1"]
[White "Smirin, Ilia"]
[Black "David, Alberto"]
[Result "1/2-1/2"]
[WhiteElo "2649"]
[BlackElo "2536"]
[PlyCount "84"]
[EventDate "24.??.??"]
[WhiteTeam "Chalons en Champagne"]
[BlackTeam "Clichy II"]

1. e4 c6 2. d4 d5 3. e5 Bf5 4. Nf3 e6 5. Be2 Ne7 6. O-O h6 7. b3 Nd7 8. c4 Ng6
9. Na3 Bb4 10. Nc2 Bc3 11. Rb1 O-O 12. Bd3 dxc4 13. Bxf5 exf5 14. bxc4 c5 15.
Rxb7 Nb6 16. Qd3 cxd4 17. Qxf5 Nxc4 18. Rd1 Qc8 19. Qxc8 Raxc8 20. e6 d3 21.
Rxd3 Nce5 22. Rd1 Nxf3+ 23. gxf3 fxe6 24. Rxa7 Be5 25. Ne3 Nh4 26. Ba3 Nxf3+
27. Kg2 Nh4+ 28. Kf1 Rf4 29. Rc1 Rd8 30. Rd1 Rxd1+ 31. Nxd1 Nf3 32. h3 Ng5 33.
Bc1 Rd4 34. Bxg5 hxg5 35. Ne3 Rb4 36. Kg2 Bf4 37. Ng4 e5 38. a4 e4 39. a5 Ra4
40. a6 Ra2 41. Kf1 Bd6 42. Ra8+ Kh7 1/2-1/2

[Event "Interclubs Adultes"]
[Site "DEAUVILLE"]
[Date "24.??.??"]
[Round "2.2"]
[White "Beudaert, Xavier"]
[Black "Stojanovic, Mihajlo"]
[Result "0-1"]
[WhiteElo "2362"]
[BlackElo "2582"]
[PlyCount "68"]
[EventDate "24.??.??"]
[WhiteTeam "Clichy II"]
[BlackTeam "Chalons en Champagne"]

1. Nf3 d5 2. c4 d4 3. b4 g6 4. e3 c5 5. exd4 Bg7 6. bxc5 Nc6 7. Bb2 Nxd4 8.
Nxd4 Bxd4 9. Qb3 Nf6 10. Be2 Ne4 11. O-O O-O 12. Bf3 Nxc5 13. Qa3 Be6 14. Be2
Rc8 15. Nc3 a6 16. Rab1 Rc7 17. Rfd1 Qd6 18. d3 Rd8 19. Na4 Nxa4 20. Qxa4 Bd7
21. Qa5 Bxb2 22. Rxb2 b5 23. d4 bxc4 24. Rb6 Qf4 25. g3 Qf5 26. d5 Rdc8 27.
Rxa6 Qe5 28. Bf1 c3 29. Rc1 Rc5 30. Qa3 Qxd5 31. Bg2 Qd2 32. Ra8 Qb2 33. Be4
Rxa8 34. Qxa8+ Rc8 0-1

[Event "Interclubs Adultes"]
[Site "DEAUVILLE"]
[Date "24.??.??"]
[Round "2.3"]
[White "Cossin, Sebastien"]
[Black "Silva, Sebastian"]
[Result "1-0"]
[WhiteElo "2437"]
[BlackElo "2369"]
[PlyCount "149"]
[EventDate "24.??.??"]
[WhiteTeam "Chalons en Champagne"]
[BlackTeam "Clichy II"]

1. d4 Nf6 2. c4 e6 3. Nc3 Bb4 4. e3 b6 5. Nge2 Ba6 6. Ng3 O-O 7. e4 Bxc3+ 8.
bxc3 d6 9. Bd3 Nc6 10. Bg5 h6 11. Be3 Na5 12. Qc2 c6 13. Rd1 Qc7 14. O-O Rac8
15. Bc1 e5 16. f4 exd4 17. cxd4 Rfe8 18. Ba3 d5 19. cxd5 Bxd3 20. Qxd3 cxd5 21.
e5 Nh7 22. Nf5 Nc4 23. Qg3 f6 24. Nxh6+ Kh8 25. Nf5 Qd7 26. Nd6 Nxd6 27. Bxd6
f5 28. Rd3 Rc2 29. Qh4 Kg8 30. Rh3 g6 31. Rg3 Re6 32. Qh3 Qf7 33. Ba3 Rec6 34.
Qh4 Rxa2 35. Qd8+ Kg7 36. h4 Kh6 37. Rff3 Rac2 38. Be7 Rc8 39. Bg5+ Kg7 40. Qd6
R2c6 41. Qa3 Nxg5 42. hxg5 a5 43. Rh3 Rh8 44. Rxh8 Kxh8 45. Rb3 Kg8 46. Rb5 Qd7
47. Qb3 Rc1+ 48. Kf2 Rc2+ 49. Kg1 Rc1+ 50. Kh2 Qh7+ 51. Kg3 Qh5 52. Qxd5+ Kf8
53. Qf3 Qh1 54. Rb2 Qe1+ 55. Qf2 Rc3+ 56. Kh2 Qxf2 57. Rxf2 Rb3 58. d5 a4 59.
Rc2 a3 60. Rc8+ Kf7 61. Rc7+ Ke8 62. Rc8+ Kd7 63. Ra8 b5 64. Ra7+ Kd8 65. g4
fxg4 66. f5 gxf5 67. g6 Rh3+ 68. Kg2 Rh6 69. g7 Rg6 70. Ra8+ Kc7 71. d6+ Kc6
72. g8=Q Rxg8 73. Rxg8 b4 74. Rc8+ Kd7 75. Rc7+ 1-0

[Event "Interclubs Adultes"]
[Site "DEAUVILLE"]
[Date "24.??.??"]
[Round "2.4"]
[White "Daurelle, Herve"]
[Black "Del Rio Angelis, Salvador G"]
[Result "0-1"]
[WhiteElo "2263"]
[BlackElo "2512"]
[PlyCount "90"]
[EventDate "24.??.??"]
[WhiteTeam "Clichy II"]
[BlackTeam "Chalons en Champagne"]

1. e4 c5 2. Nf3 Nc6 3. d4 cxd4 4. Nxd4 e6 5. Nc3 d6 6. Be2 Nf6 7. O-O Be7 8.
Be3 O-O 9. f4 Bd7 10. Kh1 Nxd4 11. Bxd4 Bc6 12. Bd3 Nd7 13. Qh5 g6 14. Qh6 Bf6
15. Be3 Bg7 16. Qh3 Qa5 17. Bd2 Qb6 18. a4 a6 19. a5 Qc7 20. Rf2 b5 21. Raf1 f5
22. Re2 Nc5 23. exf5 gxf5 24. Rfe1 Rf6 25. b4 Nxd3 26. Qxd3 Rg6 27. Kg1 Bb7 28.
Nd1 Qc6 29. Ne3 Rc8 30. Rf1 h5 31. Rff2 Qd7 32. Qb3 Bd4 33. Kf1 Kh7 34. Ke1 Qg7
35. g3 Be4 36. Rf1 h4 37. gxh4 Qf6 38. Kd1 Qxh4 39. Be1 Qh3 40. Rff2 d5 41. Qa3
Rg1 42. Qc1 Bc3 43. Qa3 Bf3 44. Kc1 Bxe2 45. Rxe2 Rxe1+ 0-1

[Event "Interclubs Adultes"]
[Site "DEAUVILLE"]
[Date "24.??.??"]
[Round "2.5"]
[White "Belkhodja, Slim"]
[Black "Mullon, Jean-Baptiste"]
[Result "1-0"]
[WhiteElo "2478"]
[BlackElo "2339"]
[PlyCount "99"]
[EventDate "24.??.??"]
[WhiteTeam "Chalons en Champagne"]
[BlackTeam "Clichy II"]

1. e4 c5 2. Nc3 Nc6 3. Bb5 Nd4 4. Nf3 e6 5. O-O a6 6. Bd3 Nc6 7. Be2 Nd4 8. d3
d6 9. Be3 Nxe2+ 10. Qxe2 Nf6 11. d4 cxd4 12. Bxd4 e5 13. Be3 h6 14. a4 Be7 15.
a5 Be6 16. Rfd1 Qc8 17. Ne1 Qc6 18. Bb6 O-O 19. Nd3 Rac8 20. Qe3 Qe8 21. f4 Rc4
22. h3 exf4 23. Nxf4 Nd7 24. Bd4 Ne5 25. Qe2 Rc6 26. Ncd5 Bg5 27. b3 f5 28.
Bxe5 dxe5 29. Nxe6 Qxe6 30. exf5 Qxf5 31. c4 e4 32. Rf1 Qe5 33. Rxf8+ Kxf8 34.
Re1 Re6 35. Qf2+ Kg8 36. h4 Be7 37. Qf4 Qxf4 38. Nxf4 Bc5+ 39. Kh1 Re7 40. Re2
g5 41. Nd5 Rf7 42. Rxe4 Rf1+ 43. Kh2 Rb1 44. hxg5 hxg5 45. Kg3 Rxb3+ 46. Kg4
Bf2 47. Kf5 Kf7 48. Re7+ Kf8 49. Kg6 Bg1 50. Rd7 1-0

[Event "Interclubs Adultes"]
[Site "DEAUVILLE"]
[Date "24.??.??"]
[Round "2.6"]
[White "Pujos, Stephane"]
[Black "Karim, Ismael"]
[Result "1/2-1/2"]
[WhiteElo "2296"]
[BlackElo "2366"]
[PlyCount "58"]
[EventDate "24.??.??"]
[WhiteTeam "Clichy II"]
[BlackTeam "Chalons en Champagne"]

1. d4 d5 2. c4 c6 3. Nf3 Nf6 4. e3 Bg4 5. h3 Bxf3 6. Qxf3 e6 7. Bd3 Nbd7 8. O-O
Bd6 9. Nc3 O-O 10. b3 Re8 11. Bb2 Qe7 12. Rfd1 Rad8 13. Bf1 dxc4 14. bxc4 e5
15. Rab1 Bb8 16. g3 g6 17. Ba1 e4 18. Qe2 Nf8 19. Bg2 h5 20. Qb2 h4 21. gxh4
Qd6 22. Kf1 Qh2 23. Qxb7 N8h7 24. d5 c5 25. Qc6 Rc8 26. Qa6 Rcd8 27. Qc6 Rc8
28. Qa6 Rcd8 29. Qc6 Rc8 1/2-1/2

[Event "Interclubs Adultes"]
[Site "DEAUVILLE"]
[Date "24.??.??"]
[Round "2.7"]
[White "Dourerassou, Jonathan"]
[Black "Marchadour, Emilie"]
[Result "1/2-1/2"]
[WhiteElo "2371"]
[BlackElo "2123"]
[PlyCount "95"]
[EventDate "24.??.??"]
[WhiteTeam "Chalons en Champagne"]
[BlackTeam "Clichy II"]

1. e4 c5 2. Nf3 e6 3. d4 cxd4 4. Nxd4 Nc6 5. Nc3 Qc7 6. Be3 a6 7. Bd3 Nf6 8.
O-O Be7 9. f4 d6 10. Qf3 Bd7 11. a4 O-O 12. Rae1 Nb4 13. Qg3 Kh8 14. Nf3 d5 15.
e5 Ng8 16. Qh3 Nxd3 17. cxd3 Nh6 18. g4 Qa5 19. Re2 Bc5 20. d4 Be7 21. Ng5 Qb4
22. Nxh7 Kxh7 23. g5 Qc4 24. Rg2 Rg8 25. Qh5 Qd3 26. Rf3 Qg6 27. Qh3 Qf5 28.
Qh4 b5 29. g6+ fxg6 30. Qxe7 Rad8 31. Rfg3 Rge8 32. Qh4 b4 33. Ne2 Bxa4 34.
Rxg6 Qxg6 35. Rxg6 Kxg6 36. Ng3 Bc2 37. f5+ Bxf5 38. Bxh6 gxh6 39. Qf6+ Kh7 40.
Nxf5 exf5 41. e6 a5 42. h4 a4 43. h5 Rg8+ 44. Kf2 a3 45. bxa3 b3 46. Qe7+ Kh8
47. Qf6+ Kh7 48. Qe7+ 1/2-1/2

[Event "Interclubs Adultes"]
[Site "DEAUVILLE"]
[Date "24.??.??"]
[Round "2.8"]
[White "Coste, Thierry"]
[Black "Griffe, Delphine"]
[Result "1-0"]
[WhiteElo "2192"]
[BlackElo "1728"]
[PlyCount "35"]
[EventDate "24.??.??"]
[WhiteTeam "Clichy II"]
[BlackTeam "Chalons en Champagne"]

1. e4 d5 2. d4 dxe4 3. Bf4 Nf6 4. f3 c6 5. Nc3 Qa5 6. Qd2 Bf5 7. fxe4 Bg6 8.
Bd3 e6 9. Nge2 Be7 10. O-O O-O 11. Bg5 Nbd7 12. Nd5 Qd8 13. Nxe7+ Qxe7 14. e5
Rad8 15. exf6 gxf6 16. Bh4 e5 17. Bf5 Bxf5 18. Rxf5 1-0